000 00549nam a2200181 a 4500
005 20240925063848.0
008 991125s1974 ag 000 0 spa u
035 _aUPN01000023342
049 _aCG
050 4 _aLB3051
_bL4.3
100 1 _aLemus, Luis Arturo,
_d1920-1997
_928982
245 1 0 _aEvaluación del rendimiento escolar /
_cLuis Arturo Lemus.
260 _aBuenos Aires :
_bKapelusz,
_c1974.
300 _a351 p.
440 0 _aBiblioteca de cultura pedagógica ;
_v135
650 4 _aMediciones y pruebas educativas
_94299
905 _aLibro
999 _c23342
_d23342